Espacio para políticas de innovación sostenible en las Américas /

Gorde:
Xehetasun bibliografikoak
Egile nagusia: Gallagher, Kevin P.
Formatua: Texto
Gaiak:
Etiketak: Etiketa erantsi
Etiketarik gabe, Izan zaitez lehena erregistro honi etiketa jartzen!

MARC

LEADER 00000 a a2200000 04500
001 13081
003
040
100 |a Gallagher, Kevin P.  
245 |a Espacio para políticas de innovación sostenible en las Américas /  |c Kevin P. Gallagher 
650 |a MEDIO AMBIENTE  
650 |a DESARROLLO SOSTENIBLE  
650 |a INTEGRACION ECONOMICA  
650 |a AMERICAS  
650 |a AMERICA DEL NORTE  
650 |a AMERICA LATINA  
773 |g volumen 5, número 5; páginas 10-11  
999 |c 30443  |d 30443